Sports Quiz

Random Sports or Hockey Quiz

Toronto Maple Leafs: Top-Scoring Defensemen by Season Quiz Stats

Quiz not verified by Sporcle

Challenge
Share
Tweet
Embed
Score 0/100 Timer 13:00
0 Plays Today
Season Player % Correct
1999-2000Tomáš Kaberle
92.5%
2000-01Tomáš Kaberle
92.5%
2002-03Tomáš Kaberle
92.5%
2006-07Tomáš Kaberle
92.5%
2007-08Tomáš Kaberle
92.5%
2009-10Tomáš Kaberle
92.5%
2010-11Tomáš Kaberle
92.5%
1975-76Börje Salming
87.1%
1977-78Börje Salming
87.1%
1978-79Börje Salming
87.1%
1979-80Börje Salming
87.1%
1981-82Börje Salming
87.1%
1982-83Börje Salming
87.1%
2001-02Bryan McCabe
86.4%
2003-04Bryan McCabe
86.4%
2005-06Bryan McCabe
86.4%
1953-54Tim Horton
80%
1956-57Tim Horton
80%
1957-58Tim Horton
80%
1958-59Tim Horton
80%
1961-62Tim Horton
80%
1962-63Tim Horton
80%
1963-64Tim Horton
80%
1964-65Tim Horton
80%
1965-66Tim Horton
80%
1966-67Tim Horton
80%
1967-68Tim Horton
80%
1968-69Tim Horton
80%
2011-12Dion Phaneuf
79.3%
2016-17Jake Gardiner
77.8%
2015-16Morgan Rielly
76.6%
2017-18Morgan Rielly
75%
1995-96Larry Murphy
61.4%
1996-97Larry Murphy
61.4%
Season Player % Correct
1976-77Ian Turnbull
61%
1980-81Ian Turnbull
61%
1985-86Al Iafrate
58.3%
1987-88Al Iafrate
58.3%
1988-89Al Iafrate
58.3%
1989-90Al Iafrate
58.3%
1990-91Dave Ellett
58.3%
1991-92Dave Ellett
58.3%
1993-94Dave Ellett
58.3%
2012-13Cody Franson
54.6%
2013-14Cody Franson
54.6%
2014-15Cody Franson
54.6%
1986-87Todd Gill
52.9%
1992-93Todd Gill
52.9%
1994-95Todd Gill
52.9%
1930-31King Clancy
51.2%
1931-32King Clancy
51.2%
1932-33King Clancy
51.2%
1933-34King Clancy
51.2%
1935-36King Clancy
51.2%
1997-98Mathieu Schneider
43.4%
1959-60Allan Stanley
42.4%
1960-61Allan Stanley
42.4%
1969-70Jim McKenny
42.4%
1970-71Jim McKenny
42.4%
1971-72Jim McKenny
42.4%
1972-73Jim McKenny
42.4%
1973-74Jim McKenny
42.4%
1974-75Jim McKenny
42.4%
2008-09Pavel Kubina
36.6%
1926-27Hap Day
35.6%
1927-28Hap Day
35.6%
1928-29Hap Day
35.6%
1929-30Hap Day
35.6%
Season Player % Correct
1942-43Babe Pratt
34.2%
1943-44Babe Pratt
34.2%
1944-45Babe Pratt
34.2%
1945-46Babe Pratt
34.2%
1920-21*Harry Cameron
33.6%
1983-84Jim Benning
33.6%
1984-85Jim Benning
33.6%
1917-18Harry Cameron
32.9%
1921-22Harry Cameron
32.9%
1922-23Harry Cameron
32.9%
1918-19*Ken Randall
26.4%
1919-20*Ken Randall
26.4%
1937-38Red Horner
25.8%
1938-39Red Horner
25.8%
1998-99Sylvain Côté
25.1%
1934-35Flash Hollett
22.7%
1947-48Jimmy Thomson
22.4%
1948-49Jimmy Thomson
22.4%
1950-51Jimmy Thomson
22.4%
1951-52Jimmy Thomson
22.4%
1952-53Jimmy Thomson
22.4%
1923-24Bert Corbeau
19.7%
1941-42Bucko Mcdonald
19.3%
1946-47Vic Lynn
16.3%
1949-50Vic Lynn
16.3%
1940-41Wally Stanowski
15.9%
1939-40Bingo Kampman
15.6%
1924-25Bert McCaffrey
14.9%
1925-26Bert McCaffrey
14.9%
1954-55Hugh Bolton
14.9%
1955-56Hugh Bolton
14.9%
1936-37Jimmy Fowler
12.9%

You're not logged in!

Compare scores with friends on all Sporcle quizzes.
Join for Free
OR
Log In

You Might Also Like...

Show Comments

Extras

Top Quizzes Today


Score Distribution

Your Account Isn't Verified!

In order to create a playlist on Sporcle, you need to verify the email address you used during registration. Go to your Sporcle Settings to finish the process.

Report this User

Report this user for behavior that violates our Community Guidelines.

Details: